Statistics for Countries Without Paid Vacation

Click here to take the quiz!

General Stats

  • This quiz has been taken 40 times
  • The average score is 3 of 7

Answer Stats

Answer% Correct
United States
85%
Federated States of Micronesia
41%
Nauru
41%
Kiribati
38%
Palau
38%
Tonga
35%
Marshall Islands
32%

Score Distribution

Percentile by Number Answered

Percent of People with Each Score

Your Score History

You have not taken this quiz